Регионална библиотека "Любен Каравелов" - Русе

Избрани творби (Запис номер 124828)

MARC детайли
000 -Лидер
Контролно поле с фиксирана дължина 01780nam a2200349 c 4500
003 - Код на организацията, давaща контролен номер
Контролно поле BLK
005 - Дата и час на последна редакция
Контролно поле 20180422111036.0
008 - Елементи от данни с фиксирана дължина
fixed length control field 180409b bul|||||r ||||||| ||bul||
010 ## - Наследен системен номер
LC control number KNG00130496000
040 ## - Източник на каталожния запис
Идентификатор на билиотеката - собственик на записа BLK
041 ## - Код за език
Код за езика на текст/звукозапис или на отделно заглавие Български
Код за езика КДБФ Български
080 ## - УДК
Текстов определител УДК Френска литература
УДК код - определител по УДК 821.133.1
УДК определител (081)
УДК - код + определител 821.133.1(081)
080 ## - УДК
Текстов определител УДК Френска литература
УДК код - определител по УДК 821.133.1
УДК определител -31
УДК - код + определител 821.133.1-31
100 1# - Редна дума - Автор
Автор Балзак, Оноре дьо
Авторска отговорност първи автор
R(LIN) 376104
139 ## - Редно поле
Редна дума Балзак, Оноре дьо
Авторски знак Балз - Б 22
245 10 - Сведения за заглавието
Заглавие Избрани творби
Подзаглавни данни В 10 т.
Редно поле (дума) Оноре дьо Балзак; предг. от Христо Тодоров; прев. на том Пенчо Стефанов Симов; прев. на том Марина Н. Нитова.
Том Т. 9
Заглавие на том Търсене на абсолютното
257 ## - Страна на издаване
Страна на създаване/издаване Франция
260 ## - Област на издателските данни
-- София
Име на издателя, разпространителя и проч. Нар. култура
Година на издаване 1983 -
300 ## - Физическа характеристика
Размери/Мащаб 21 см
380 ## - Жанр
Жанр Худож. лит.
500 ## - Общи забележки
Забележка Други ред. : Л. Стефанова, П. Пройкова. - 100 125 тир.
505 ## - Форматирана забележка
Подзаглавни данни Романи
Авторската отговорност
Заглавие Серафита
700 1# - Други автори (авторска отговорност)
Лично име Тодоров, Христо
Автороска отговорност (Описва отношението между автора и произведението) предг. от
9 (RLIN) 364806
700 1# - Други автори (авторска отговорност)
Лично име Симов, Пенчо Стефанов
Автороска отговорност (Описва отношението между автора и произведението) прев. на том
9 (RLIN) 319014
700 1# - Други автори (авторска отговорност)
Лично име Нитова, Марина Н.
Автороска отговорност (Описва отношението между автора и произведението) прев. на том
9 (RLIN) 319015
760 1# - Описание на основната серия
Редна дума на основното описание Балзак, Оноре дьо
Място на издаване, издател и година 1985
Страници - том 327 с.
Забележка - том Ориг. загл. La recherche de l'absolu ; Seraphita / Balzac. - В кн. означено 1. и 2. изд.
Заглавие Т. 9 Търсене на абсолютното
852 ## - Местоположение
Форматна сигнатура Цб 120854
856 4# - Електронен адрес и достъп
Електронен формат pdf - файл
Път до файла /url/
856 4# - Електронен адрес и достъп
Електронен формат pdf - файл
Път до файла /url/
942 ## - АРТИКУЛИ
Вид на библиотечния материал Книги
Скрит в OPAC Не
944 ## - СЪЗДАВАНЕ И РЕДАКЦИЯ на ЗАПИСА
Създаване/Редакция Създаване
Дата на регистрацията/редакция 11.05.2012
Статус, дата на статуса 11.05.2012 - от С1,Р / 11.05.2012
Служител, извършил регистрацията/редакцията Виолета_Тройчева
944 ## - СЪЗДАВАНЕ И РЕДАКЦИЯ на ЗАПИСА
Създаване/Редакция Редакция
Дата на регистрацията/редакция 11.05.2012
Статус, дата на статуса 11.05.2012 - от С1,Р / 11.05.2012
Служител, извършил регистрацията/редакцията
999 ## - СИСТЕМНИ КОНТРОЛНИ НОМЕРА
Koha biblionumber 124828
Koha biblioitemnumber 124828
Наличности
Код за отписване Код за изгубен артикул Източник на класификационната схема Код за повреда Коз за рестрикции Код за отдаване Артикулен № Име на библиотеката - собственик Име на библиотеката, в която се намира в момента Статус (Текущо местоположение) Дата на вписване в системата Местоположение - отдел Цена в лева Инвентарен номер Систематично азбучна сигнатура Баркод Номер на екземпляра Цена в евро Служебна бележка Служебен тип на артикула Бележка за публиката
  Не е изгубен Universal Decimal Classification Не е повреден без рестрикции ползва се в читалня 202645 Регионална библиотека "Любен Каравелов" Русе Регионална библиотека "Любен Каравелов" Русе Хранилище 1983-01-01 Хранилище 2.91 437640 Цб 120854 120000437640 1 1.49 Дост: Dp Вид: Д N: стар фонд Дата: 01.01.1983 Книги  
Изтеглен Не е изгубен Universal Decimal Classification Не е повреден без рестрикции заемане за дома 202646 Регионална библиотека "Любен Каравелов" Русе Регионална библиотека "Любен Каравелов" Русе Заемна - подръчен фонд 1983-01-01 Заемна - подръчен фонд 2.91 443319 П 840(081)/Б 22 443319 2 1.49 Дост: Pk Вид: Ф N: стар фонд Дата: 01.01.1983 Книги  
Изтеглен Не е изгубен   Не е повреден без рестрикции заемане за дома 202647 Регионална библиотека "Любен Каравелов" Русе Регионална библиотека "Любен Каравелов" Русе   1983-01-01 Заемна - подръчен фонд 2.91 443322 П 840(081)/Б 22 443322 3 1.49 Дост: Pk Вид: Ф N: стар фонд Дата: 01.01.1983 Книги Отч.N: 5 , Дата: 19.01.2018
  Не е изгубен Universal Decimal Classification Не е повреден без рестрикции заемане за дома 202648 Регионална библиотека "Любен Каравелов" Русе Регионална библиотека "Любен Каравелов" Русе Заемна - подръчен фонд 1983-01-01 Заемна - подръчен фонд 2.91 443326 П 840(081)/Б 22 120000443326 4 1.49 Дост: Pk Вид: Ф N: стар фонд Дата: 01.01.1983 Дата инв: 12.02.2018 Бележки инв: П2018 Книги  
Vip Innovations Ltd, Rousse, Bulgaria 2025